[Event "FISU World University-ch 2020-KO"]
[Site "Online"]
[Date "2020.10.26"]
[Round "3"]
[White "Osmak, Iulija"]
[Black "Ivannikau, Maksim"]
[Result "0-1"]
[WhiteElo "2438"]
[BlackElo "2224"]
[Annotator "TA"]
[PlyCount "88"]
[EventDate "2020.10.26"]
[EventType "team-tourn"]
[SourceTitle "playchess.com"]
[Source "ChessBase"]
[SourceQuality "1"]

{[%evp 13,87,50,58,44,62,62,73,54,66,61,57,14,37,25,44,35,20,15,71,35,41,27,36,47,26,36,31,33,20,26,91,-27,-35,-32,-51,-30,0,-43,-42,-24,-33,-97,-70,-128,-71,-58,-66,-54,-59,-64,-51,-114,-125,-82,-118,-144,0,-95,-23,-108,-103,-224,0,-137,-100,-97,-107,-297,-331,-1743,-1759,-1621,-1607,-29997,-29998,-29999]} 1. d4 Nf6 2. c4 g6 3. Nc3 Bg7 4. e4 O-O 5. Be2 d6 6. Be3 e5 7. d5 Na6 8. g4 {E73: King's Indian: Averbakh Variation without 6...c5.} Nc5 9. f3 $1 h5 10. g5 {And now b4 would win.White is better.} Nh7 11. h4 f6 12. Qd2 fxg5 13. hxg5 Rf4 14. b4 Na6 15. a3 Qxg5 {[#]} (15... Nxg5 $11 16. Rc1 (16. Bxf4 exf4 17. Bf1 Bd7 $11) 16... Qf6) 16. Bf1 $146 ({Predecessor:} 16. O-O-O Qf6 17. c5 Ng5 18. c6 bxc6 19. dxc6 Nb8 20. Nd5 Qf7 21. Bxf4 exf4 22. Qxf4 Qxf4+ 23. Nxf4 Nh7 24. b5 a6 25. a4 axb5 26. axb5 Bh6 {1-0 (26) Schekachikhin,M (2406)-Gabrielian,A (2463) Cheliabinsk 2020}) 16... Qe7 17. Bxf4 exf4 18. Rc1 Be5 19. Bh3 Ng5 20. Qg2 Qf6 21. Nd1 c5 (21... Kg7 $11) 22. dxc6 (22. b5 $1 $16 {Bxc8 is the strong threat.} Nc7 23. Bxc8 Rxc8 24. Ne2) 22... bxc6 $11 23. Bxc8 Rxc8 24. Nh3 Ne6 25. Nhf2 {aiming for Rxh5.} Kf7 26. Nd3 Bd4 27. Rc2 (27. N1f2 $15) 27... Nb8 $17 28. e5 (28. Qh3 $15) 28... dxe5 ({Black should try} 28... Qf5 $1 {[%cal Rf5d3]} 29. Rd2 d5 30. cxd5 cxd5) 29. N1f2 Nd7 30. Ne4 Qe7 31. c5 {Black must now prevent Nd6+.} Rg8 32. Ndf2 ({Better is} 32. Qh3 $15) 32... Nf6 33. Nd6+ Kf8 34. Nfe4 Nd5 (34... Nxe4 $17 35. Nxe4 Be3) 35. Qe2 (35. Qh3 $11) 35... Ne3 (35... Be3 $1 $17 36. Qd1 Nd4) 36. Ra2 {[#]} (36. Rd2 $11 {remains equal.}) 36... Ng5 $1 37. Nxg5 (37. Qa6 $17 Nxe4 38. Nxe4) 37... Qxg5 $2 (37... Bc3+ $19 38. Rd2 Qxg5) 38. Ne4 (38. Qa6 $1 $11 {was the only way to keep the balance.} Bc3+ 39. Ke2 Qg2+ 40. Kd3 e4+ 41. Kxc3 Qxh1 42. Qc8+ Kg7 43. Qc7+ Kh6 44. Nf7+ {[%mdl 64] Discovered Attack} Kh7 45. Ng5+ {[%mdl 64] Double Attack, Discovered Attack (Double check)} Kh6 46. Nf7+ Kh7 47. Ng5+ {[%mdl 64] Double Attack, Discovered Attack (Double check)} Kh6 48. Nf7+) 38... Qe7 39. Qa6 Qe6 $36 {[%mdl 2048] Black is in control.} 40. Rhh2 $2 {[#]} (40. Rd2 $17) 40... Qb3 $1 $19 {[%cal Rb3d1]} 41. Qc8+ $2 (41. Rad2 Qb1+ 42. Kf2) 41... Kg7 42. Qd7+ Kh6 {( -> ...Qd1+)} 43. Rad2 Qb1+ 44. Ke2 Qf1# {Av CentiPawn Loss W=-77/B=-44. Weighted=-117/-37} 0-1

[Event "FISU World University-ch 2020-KO"]
[Site "Online"]
[Date "2020.10.26"]
[Round "3"]
[White "Nikitenko, Mihail"]
[Black "Bakhmatsky, Vladislav"]
[Result "0-1"]
[WhiteElo "2436"]
[BlackElo "2438"]
[Annotator "TA"]
[PlyCount "98"]
[EventDate "2020.10.26"]
[EventType "team-tourn"]
[SourceTitle "playchess.com"]
[Source "ChessBase"]
[SourceQuality "1"]

{[%evp 9,98,-50,-39,-63,-58,-51,-56,-58,-60,-45,-62,-114,-75,-146,-133,-180,-182,-178,-140,-132,-121,-154,-149,-232,-229,-220,-227,-222,-137,-195,-202,-187,-133,-131,-129,-249,-247,-276,-281,-284,-247,-266,-266,-229,-262,-255,-237,-580,-260,-762,-633,-839,-844,-954,-943,-929,-927,-1269,-1255,-1689,-1597,-29951,-1170,-2370,-2230,-29976,-29973,-29985,-29982,-29985,-29986,-29986,-29986,-29982,-2739,-5385,-2443,-29983,-29984,-29986,-29987,-29991,-29991,-29992,-29991,-29996,-29997,-29997,-29998,-29998,-29999]} 1. e4 c5 2. Ne2 Nf6 3. Nbc3 d5 4. e5 Ng4 5. f4 h5 6. d4 {B20: Sicilian: Unusual White 2nd moves.} e6 7. h3 Nh6 $1 8. Be3 {Black is slightly better.} Nf5 {[#]} 9. Qd2 $146 ({Predecessor:} 9. Bf2 Nc6 10. dxc5 Qa5 11. Qd3 Bxc5 12. Bxc5 Qxc5 13. O-O-O Bd7 14. a3 h4 15. g4 hxg3 16. Nxg3 {½-½ (74) Jobava,B (2650)-Sutovsky,E (2629) Moscow 2007}) 9... Nc6 10. O-O-O (10. Bg1 $15) 10... Qa5 11. Kb1 (11. dxc5 $142 Nxe3 12. Qxe3) 11... b5 $17 12. Nc1 c4 ({Not} 12... Nfxd4 13. Nxb5 $1 {[%mdl 512]} Qxd2 14. Rxd2 $11) ({Don't play} 12... cxd4 13. Bxb5 dxc3 14. Bxc6+ Bd7 15. Bxd7+ Kxd7 16. bxc3 $15) ({Inferior is} 12... Ncxd4 13. Bxd4 Nxd4 14. Nxb5 $11) 13. Bf2 Rb8 14. N3e2 Bb4 15. c3 Be7 16. b4 (16. g3 $17) 16... Nxb4 $19 17. cxb4 Bxb4 18. Qc2 Be7 19. Ng3 (19. Rg1 $17 {was worth a try.}) 19... Nxg3 20. Bxg3 h4 (20... Bb4 $19 21. Ne2 Ba3) 21. Be1 $17 b4 22. Be2 (22. Nb3 $17 {was necessary.} cxb3 23. axb3) 22... Bd7 $19 23. Bxc4 dxc4 24. Qxc4 Bb5 25. Qc2 Ba4 26. Nb3 Qd5 27. Rf1 O-O {Threatens to win with ...Rfc8.} 28. Rc1 $2 {[#]} (28. Rf2) 28... g6 (28... Rfc8 $142 $1 {[%mdl 512]} 29. Qxc8+ Rxc8 30. Rxc8+ Kh7) 29. g3 $2 (29. Rf3) 29... hxg3 30. Bxg3 {[#]} Rfc8 $1 {[%mdl 512]} 31. Qxc8+ Rxc8 32. Rxc8+ Kg7 33. f5 exf5 34. Nd2 Qxd4 35. Be1 Bg5 (35... Qxe5 $142 36. Nf3 Qe4+ 37. Kc1 Qe3+ 38. Bd2 Qa3+ {[%mdl 64] Double Attack} 39. Kb1 Qd3+ {[%mdl 64] Double Attack} 40. Kc1 Qa3+ 41. Kb1 Qd3+ {[%mdl 64] Double Attack} 42. Kc1 Qa3+) 36. Rf2 Bxd2 37. Rxd2 Qe4+ {[%mdl 64] Double Attack} 38. Kb2 Qxe1 39. Rdd8 Qxe5+ 40. Kb1 Qe4+ 41. Kb2 Bb5 (41... f4 $142 42. Rg8+ Kf6 43. Rc1 Qe2+ 44. Kb1 f3 45. Rgc8 Qd3+ 46. Kb2 f2 47. h4 f1=Q 48. Rxf1+ Qxf1 49. h5 Qf2+ 50. Kc1 gxh5 51. Rc4 Qf1+ 52. Kd2 Qxc4 53. Ke1 Qxa2 54. Kf1 b3 55. Kg1 Bb5 56. Kh1 Bc6+ 57. Kg1 Qg2#) 42. Rg8+ Kf6 43. Rgf8 Qd4+ {Black mates.} 44. Kb3 a5 {[%cal Ba7a5,Ba5a4][%mdl 32]} 45. h4 a4+ 46. Kc2 Bd3+ 47. Kc1 Qe3+ 48. Kd1 Qe2+ {[%mdl 64] Double Attack} 49. Kc1 Qe1+ {[%mdl 64] Double Attack. Av CentiPawn Loss W=-167/B=-89. Weighted=-192/-63} 0-1

[Event "FISU World University-ch 2020-KO"]
[Site "Online"]
[Date "2020.10.26"]
[Round "3"]
[White "Ilyuchyk, Yana"]
[Black "Peng, Li Min"]
[Result "0-1"]
[WhiteElo "2119"]
[BlackElo "2431"]
[Annotator "TA"]
[PlyCount "132"]
[EventDate "2020.10.26"]
[EventType "team-tourn"]
[SourceTitle "playchess.com"]
[Source "ChessBase"]
[SourceQuality "1"]

{[%evp 19,132,8,13,18,16,2,26,39,13,16,42,25,40,31,35,-31,0,-16,-18,-66,-29,-34,0,0,-15,-89,-15,-47,0,0,36,15,64,73,80,12,100,38,58,-50,-50,-41,-31,-104,-33,-47,-70,-48,-56,-84,-61,-80,-58,-48,-29,-29,-29,-34,-31,-50,-60,-72,-54,-103,-104,-164,-59,-33,-41,-34,-46,-158,-162,-148,-149,-477,-470,-462,-421,-604,-436,-541,-524,-656,-649,-627,-629,-762,-664,-659,-664,-1068,-600,-883,-866,-1068,-1055,-1111,-873,-991,-975,-965,-946,-946,-943,-2329,-2048,-29990,-29991,-29993,-29994,-29994,-29994,-29994,-29995]} 1. e4 c5 2. Nf3 d6 3. d4 cxd4 4. Nxd4 Nf6 5. Nc3 a6 6. g3 e6 7. Bg2 Be7 8. O-O O-O 9. a4 Nc6 {[%cal Bb8c6,Bc6a5,Ba5c4][%mdl 32]} 10. Be3 Qc7 11. f4 {B80: Sicilian Scheveningen: 6 g3 and 6 Be3, including English Attack.} Na5 12. Kh1 Bd7 13. g4 {White has an edge.} Nc4 14. Bc1 h6 {[#]} 15. g5 $146 ({Predecessor:} 15. h4 g6 16. g5 Nh5 17. Qd3 hxg5 18. hxg5 Rac8 19. Nde2 Kg7 20. b3 Na5 21. Bb2 {0-1 (42) Chetvertakoff,V (2345)-Sheretyuk,A (2414) ICCF email 2007}) 15... hxg5 16. fxg5 Nh7 17. Qh5 (17. h4 $14) 17... Ne5 (17... g6 $5 {[%cal Rg6h5]} 18. Qg4 Qb6 $11) 18. Be3 (18. Nf3 $5 {[%cal Rf3e5]} Be8 19. Qh4 $11) 18... Rac8 19. Rae1 Qa5 20. h4 Rxc3 21. bxc3 Qxc3 22. Bh3 (22. Qd1 $11) 22... g6 ({Black should play} 22... Rc8 $17) 23. Qe2 Nc4 24. Rf3 {Strongly threatening Bf2.} Nxe3 (24... Ne5 $5 {[%cal Re5f3]}) 25. Qxe3 Qa5 26. Rb1 b6 27. Qb3 (27. c3 $16) 27... Bxa4 (27... Qe5 $11 28. Qd3 (28. Qxb6 d5 $17) 28... Bd8) 28. Qxb6 (28. Qc4 $16) 28... Qe5 $1 $14 {[%cal Re5e4]} 29. Rbf1 (29. Qb4 $1 $14) 29... Qxe4 $15 {[%mdl 64] Double Attack} 30. Qa7 {[#]} Bxg5 $1 {[%mdl 512]} 31. Bg2 (31. hxg5 $15 Nxg5 {[%mdl 64] Pin} 32. Bg2 Nxf3 33. Rxf3) 31... Bh6 ({Don't play} 31... Qxh4+ $6 32. Rh3 $11) (31... Bf6 $17 32. Rf4 Bxd4 33. Rxe4 Bxa7 34. Rxa4 Bc5) 32. Rf4 Qxf4 33. Rxf4 Bxf4 34. Qxa6 Be8 35. Qc4 Be5 36. Nf3 Bg7 37. Qc7 d5 38. Bh3 Nf6 39. Ng5 Bd7 40. Qd6 Re8 41. Kg1 Bf8 42. Qf4 (42. Qe5 $17 Be7 43. Kh1) 42... Kg7 ({Black should try} 42... Bc5+ $19 43. Kh1 Kg7) 43. h5 gxh5 {aiming for ...Bc5+.} 44. Qg3 Bc5+ 45. Kf1 {[#]} ({Better is} 45. Kh1 $1 $15 Kf8 46. Qc3 $1 {[%mdl 512]}) 45... Kf8 $1 $17 46. Qf4 Ke7 {White must now prevent ...Ra8.} 47. Qf3 $2 {[%mdl 8192] White does not recover from this.} (47. Qh4 $17) 47... Ra8 48. Qc3 Bd6 49. Qd3 (49. Bg2 $142) 49... Rc8 50. Ke1 Rc4 51. Bf1 Rg4 52. Nf3 h4 53. Qd2 Bb4 54. c3 Bd6 {...Bg3+ is the strong threat.} 55. Qh6 Rg6 56. Qe3 Rg3 57. Qe2 h3 58. Nd4 Rg5 59. Nf3 {[#]} h2 $1 60. Bg2 (60. Nxh2 Re5) 60... Rh5 61. Bh1 Ne4 62. Nd4 Rg5 63. Nf3 Rg1+ {Black mates.} 64. Nxg1 hxg1=Q+ 65. Qf1 Bg3+ 66. Ke2 Bb5+ {[%mdl 64] Skewer. Av CentiPawn Loss W=-89/B=-37. Weighted=-82/-51} 0-1

[Event "FISU World University-ch 2020-KO"]
[Site "Online"]
[Date "2020.10.26"]
[Round "4"]
[White "Martirosyan, Haik M."]
[Black "Zarubitski, Viachaslau"]
[Result "1/2-1/2"]
[WhiteElo "2622"]
[BlackElo "2442"]
[Annotator "TA"]
[PlyCount "151"]
[EventDate "2020.10.26"]
[EventType "team-tourn"]
[SourceTitle "playchess.com"]
[Source "ChessBase"]
[SourceQuality "1"]

{[%evp 27,151,20,24,22,11,19,37,23,35,29,58,55,69,72,66,53,68,59,75,32,94,96,142,139,168,157,174,118,134,117,152,145,191,189,218,220,226,220,264,260,254,236,244,239,236,191,191,191,208,212,283,106,107,68,69,63,63,36,36,45,107,107,107,107,107,107,107,107,107,107,107,107,107,107,107,107,107,107,107,107,107,107,107,58,59,36,36,36,36,0,36,36,36,36,36,36,36,28,28,28,28,28,28,28,28,28,28,28,28,28,28,28,28,28,38,38,45,45,52,28,52,28,28,28,28,28]} 1. d4 d5 2. c4 c6 3. Nf3 Nf6 4. Nc3 dxc4 5. a4 Bf5 6. e3 e6 7. Bxc4 Bb4 8. O-O Nbd7 9. Qe2 Bg6 10. e4 O-O 11. Bd3 Bh5 12. e5 Nd5 13. Nxd5 cxd5 14. Qe3 Be7 15. Ng5 {D19: Slav Defence: 5 a4 Bf5 6 e3: Main line with 9 Qe2.} Bxg5 16. Qxg5 Bg6 17. Be2 {White is slightly better.} Rc8 18. Qe3 {[#]} Nb8 $146 ({Predecessor:} 18... Rc2 19. Bd1 Rc6 20. Bd2 Nb6 21. b3 Qe7 22. Be2 Rfc8 23. Rfc1 a6 24. g3 h6 {½-½ (42) Sebenik,M (2515)-Solak,D (2547) Sarajevo 2010}) 19. b3 Nc6 20. Ba3 Re8 21. Rfc1 Qh4 22. f4 $1 Be4 23. Rc3 f6 ({Black should play} 23... Na5 $14) 24. Rac1 $16 Rc7 25. Bd6 Rf7 {[#]} 26. Bb5 $1 Qg4 {[%csl Ge4][%cal Rg4g2]} 27. Qg3 (27. Qd2 $18) 27... Qxg3 28. hxg3 fxe5 29. Bxe5 ({Don't take} 29. dxe5 $6 a5 $14) 29... h5 30. b4 {[%cal Bb3b4,Bb4b5][%mdl 32]} Ree7 31. Bxc6 bxc6 32. Rxc6 Bf5 33. b5 Rb7 34. Ra6 Kh7 35. Rc8 Kg6 36. Kh2 Bg4 37. Re8 Rfd7 38. Rf8 Rb6 {[#]} 39. Ra5 $2 (39. Rxb6 $1 $18 {and the rest is easy.} axb6 40. Rb8) 39... a6 40. Rb8 Rxb8 41. Bxb8 $14 {[%mdl 4096] Endgame KRB-KRB} Rb7 42. Be5 ({Don't go for} 42. bxa6 $2 Rxb8 43. Kg1 Kf5 $19) 42... axb5 43. Rxb5 Rxb5 ({Black should try} 43... Ra7 $14) 44. axb5 {KB-KB} Be2 45. b6 Ba6 46. Kh3 Kf7 47. Kh4 g6 48. Kg5 Bc8 49. Kh6 Bb7 50. g4 hxg4 51. g3 Ba6 52. Kg5 Bb7 53. Kxg4 Ke7 54. Bc7 Ba6 55. Kf3 Kd7 56. Ke3 Bf1 57. Be5 {White threatens b7 and mate.} Kc6 58. Bc7 (58. Kf2 $5 {[%cal Rf2f1]} Bd3 59. Bc7 $14) 58... Bg2 59. Kf2 Bh3 60. Kf3 Bf5 61. Bd8 Kb7 62. g4 Bd3 63. Kg3 Be2 64. Kh4 Kc6 65. Kg5 Kb7 66. Bc7 Kc6 67. f5 gxf5 68. gxf5 exf5 69. Kxf5 Bf3 70. Ke5 Kb7 71. Kd6 Be4 72. Kc5 Bf3 73. Kb4 Be4 74. Ka3 Bf3 75. Kb2 Be4 76. Ka1 $1 {White really could win this. Av CentiPawn Loss W=-10/B=-10. Weighted=-10/-9} 1/2-1/2

[Event "FISU World University-ch 2020-KO"]
[Site "Online"]
[Date "2020.10.26"]
[Round "4"]
[White "Lu, Shanglei"]
[Black "Roshka, Yevgeniy"]
[Result "1/2-1/2"]
[WhiteElo "2615"]
[BlackElo "2476"]
[Annotator "TA"]
[PlyCount "96"]
[EventDate "2020.10.26"]
[EventType "team-tourn"]
[SourceTitle "playchess.com"]
[Source "ChessBase"]
[SourceQuality "1"]

{[%evp 14,96,14,-12,0,-33,-32,-16,-22,-27,8,0,70,-14,-20,-18,-27,-120,-131,-108,-103,-100,-101,-103,-87,-110,-121,-177,0,-32,0,0,0,0,0,-52,-34,-15,0,-357,0,0,8,8,18,0,0,0,0,0,0,0,74,74,79,79,73,73,73,73,73,73,73,54,84,84,84,35,35,35,35,31,31,31,31,31,31,31,31,31,33,35,35,35,35]} 1. e4 c6 2. Nc3 d5 3. Nf3 Bg4 4. h3 Bxf3 5. Qxf3 Nf6 6. d3 e6 7. a3 Nbd7 {[%cal Bb8d7,Bd7e5,Be5g6][%mdl 32]} 8. g4 h6 {B11: Caro-Kann: Two Knights Variation.} 9. h4 Qb6 {[#]} 10. Be2 $146 ({Predecessor:} 10. g5 hxg5 11. hxg5 Ne5 12. Qg2 Rxh1 13. Qxh1 Nfd7 14. d4 Ng6 15. exd5 cxd5 16. Bd3 Qxd4 {0-1 (46) Sarakauskiene,Z (2119)-Ivanisvili,A (2236) Plateliai 2000}) 10... Bd6 {The position is equal.} 11. g5 Ne5 12. Qg2 hxg5 (12... Nfd7 $11) 13. hxg5 (13. d4 $1 $14) 13... Rxh1+ $11 14. Qxh1 Nfd7 $1 15. f4 (15. Qh8+ $11 Bf8 16. Qh3) 15... Ng6 $17 16. f5 Bg3+ 17. Kd1 exf5 18. exd5 O-O-O 19. dxc6 bxc6 20. Na4 (20. Qf3 $17 {might work better.} f4 21. Ne4) 20... Qa6 (20... Qf2 $19 {White must now prevent ...Rh8.} 21. Qf1 Qxf1+ 22. Bxf1 Rh8) 21. b3 $15 Rh8 22. Qf3 $36 {[%mdl 2048] White has good play.} f4 23. d4 Qb7 24. Kd2 (24. Bb2 $11) 24... Rh2 25. Kc3 $1 c5 {Strongly threatening ...cxd4+.} 26. Nxc5 $4 {[%mdl 8192] [#]} (26. Qxb7+ $11 Kxb7 27. Bf3+ (27. Nxc5+ Nxc5 28. Bf3+ Kb6 $11) 27... Kc7 28. Nxc5) 26... Nxc5 $2 (26... Be1+ $1 $19 27. Kb2 Qxf3 28. Bxf3 Bf2 29. Nxd7 Bxd4+ 30. Kb1 Bxa1 31. Kxa1 Kxd7) 27. dxc5 $11 Qxf3+ 28. Bxf3 Ne5 29. Be4 f3 {Threatens to win with ...Be1+.} 30. Be3 Re2 31. Kd4 f2 $1 {aiming for ...Re1.} 32. Rf1 Kd8 (32... f6 $1 $11) 33. Bxf2 $1 $16 Rd2+ {[#]} 34. Bd3 $1 ({Inferior is} 34. Ke3 Rxf2 35. Rxf2 Ng4+ 36. Kf3 Nxf2 $17) 34... Rxf2 35. Rxf2 Bxf2+ 36. Kxe5 Bxc5 {[%mdl 4096] Endgame KB-KB} 37. b4 {[%cal Bb3b4,Bb4a5,Ba5a6][%mdl 32]} Be7 38. Kf5 a5 39. bxa5 Bxa3 40. a6 {White threatens a7 and mate.} Kc7 {White is slightly better.} 41. Bc4 Kb6 42. Kg4 Bc5 43. Kf3 Be7 44. Kf4 Bb4 45. Bd3 Bd2+ 46. Kg4 Bc3 47. Kf5 Ka7 48. Bc4 Kb6 {Av CentiPawn Loss W=-19/B=-19. Weighted=-24/-17} 1/2-1/2

[Event "FISU World University-ch 2020-KO"]
[Site "Online"]
[Date "2020.10.26"]
[Round "4"]
[White "Harutyunian, Tigran K."]
[Black "Ivannikau, Maksim"]
[Result "1/2-1/2"]
[WhiteElo "2549"]
[BlackElo "2224"]
[Annotator "TA"]
[PlyCount "60"]
[EventDate "2020.10.26"]
[EventType "team-tourn"]
[SourceTitle "playchess.com"]
[Source "ChessBase"]
[SourceQuality "1"]

{[%evp 20,60,14,10,18,17,18,15,14,9,49,30,45,49,55,15,26,16,24,16,31,0,0,-3,-7,-2,-5,-5,-5,-9,-6,-225,-221,-481,-18,-314,0,0,0,-45,-36,-44,-13]} 1. Nf3 g6 2. d4 Nf6 3. g3 Bg7 4. Bg2 O-O 5. O-O d6 6. c4 Nc6 7. Nc3 e5 8. dxe5 Nxe5 9. Nxe5 dxe5 10. Bg5 Qxd1 11. Rfxd1 h6 {E62: King's Indian: Fianchetto: 6...c6 and Panno Variation (6...Nc6) without ...a6.} 12. Be3 c6 $1 13. h3 Be6 {The position is equal.} 14. b3 {[#]} Nd7 $146 ({Predecessor:} 14... a6 15. Na4 Rad8 16. Rac1 Rxd1+ 17. Rxd1 Nd7 18. Nc5 Nxc5 19. Bxc5 Re8 20. e3 Bf8 {½-½ (39) Danilov,I (2363)-Rodriguez Calvo,M (2119) Cambados 2005}) 15. Rd6 Rfd8 16. Ne4 Bf8 17. Rdd1 f5 18. Nd6 Rdb8 19. Rac1 g5 {next ...f4 is good for Black.} 20. f4 gxf4 21. gxf4 e4 22. h4 Nf6 23. Bh3 Bxd6 $1 24. Rxd6 Kf7 25. Bd4 $2 (25. Kf2 $11) 25... Rg8+ $19 26. Kf2 $2 {[#]} (26. Kh2 Ne8 27. c5) 26... Nh5 $2 (26... Ne8 $2 27. Be5 $19) (26... e3+ $1 $19 {[%mdl 512]} 27. Ke1 (27. Bxe3 Ne4+) 27... Ne4 28. Rxe6 Kxe6) 27. Be5 $2 {[%mdl 8192] [#]} (27. Rd1 $11) 27... Rad8 $2 ({Black should play} 27... e3+ $1 $19 {[%mdl 512]} 28. Kxe3 Rg3+ {[%mdl 64] Double Attack} 29. Kf2 Rxh3) 28. Rxd8 Rxd8 29. Ke3 Rg8 {And now ...Rg3+ would win.} 30. Rh1 Nf6 {Av CentiPawn Loss W=-49/B=-45. Weighted=-61/-95} 1/2-1/2

[Event "FISU World University-ch 2020-KO"]
[Site "Online"]
[Date "2020.10.26"]
[Round "4"]
[White "Lei, Tingjie"]
[Black "Osmak, Iulija"]
[Result "1-0"]
[WhiteElo "2505"]
[BlackElo "2438"]
[Annotator "TA"]
[PlyCount "105"]
[EventDate "2020.10.26"]
[EventType "team-tourn"]
[SourceTitle "playchess.com"]
[Source "ChessBase"]
[SourceQuality "1"]

{[%evp 20,105,32,35,53,53,52,52,60,64,56,62,49,56,92,89,96,90,65,89,108,82,128,133,118,66,64,74,116,101,83,91,249,249,249,249,249,239,242,242,242,241,229,233,250,254,283,278,432,453,441,429,398,391,683,683,683,683,683,683,683,655,683,676,653,653,653,653,628,628,620,613,606,606,599,570,509,509,29983,29984,29984,29985,29987,29986,29986,29987,29987,29988]} 1. c4 e6 2. Nf3 Nf6 3. g3 d5 4. Bg2 Be7 5. d4 O-O 6. O-O c6 7. Qc2 b6 8. Rd1 Bb7 9. Bf4 Nbd7 10. Ne5 Rc8 11. Nc3 Nxe5 {E08: Closed Catalan: Main Line: 7 Qc2.} 12. dxe5 Nd7 13. cxd5 cxd5 {White is slightly better.} 14. e4 dxe4 15. Bxe4 Bxe4 16. Qxe4 Qc7 17. Nb5 Nc5 18. Qf3 Qb8 19. b4 Na6 20. Nd6 Rcd8 21. Qg4 Kh8 {[#]} 22. Bg5 $146 ({Better is} 22. a3 $16) ({Predecessor:} 22. Rd4 Bxd6 23. exd6 Qb7 24. Rc1 Rfe8 25. Bg5 f6 26. Be3 e5 27. Rd3 b5 28. d7 Rf8 29. Qe6 Nxb4 30. Rd6 Qe4 31. Rc8 {1-0 (32) Makhmutov,R (2471)-Mokshanov,A (2461) Loo 2015}) 22... Bxg5 $1 $14 23. Qxg5 {Strongly threatening Nxf7+!} Kg8 {[#]} 24. Rd4 $1 h6 25. Qh5 {aiming for Rg4!} Nc7 $2 {[#] Black cannot hold the game after this.} (25... Rd7 $16) 26. Rg4 $1 $18 {[%mdl 512] Qxh6 would kill now.} f5 27. exf6 Rxf6 28. Ne4 Nd5 29. Nxf6+ $40 {[%mdl 128] White attacks with force.} Nxf6 {[#]} 30. Qxh6 $1 {[%csl Gg4][%cal Rh6g7][%mdl 512]} Nxg4 31. Qxe6+ {[%mdl 64] Double Attack} Kh8 {And now ...Qe5! would win.} 32. Qxg4 {[%mdl 4096] Endgame KQR-KQR} Qd6 33. Re1 Qf6 (33... Kg8 $142 34. h4 Qf6) 34. Re6 Qf8 35. Kg2 Kg8 36. Qe4 a5 $2 (36... b5 37. Re5 Qf7 38. Rxb5 Re8) 37. bxa5 bxa5 38. Re5 Qf7 39. Rxa5 Rf8 40. Qd5 Qxd5+ 41. Rxd5 {KR-KR} Ra8 42. Rd2 Ra3 43. f4 Kf7 44. Kh3 Kf6 45. Kg4 g6 46. Rb2 Kg7 47. f5 Ra4+ 48. Kg5 Ra5 (48... gxf5 $18 49. Kxf5 Ra5+ 50. Ke6 Kg6) 49. Rb7+ {White mates.} Kf8 50. Kxg6 Rxa2 51. Rb8+ Ke7 52. f6+ Kd7 53. f7 {Av CentiPawn Loss W=-2/B=-37. Weighted=-4/-73} 1-0

[Event "FISU World University-ch 2020-KO"]
[Site "Online"]
[Date "2020.10.26"]
[Round "4"]
[White "Bakhmatsky, Vladislav"]
[Black "Liu, Yan"]
[Result "1/2-1/2"]
[WhiteElo "2438"]
[BlackElo "2524"]
[Annotator "TA"]
[PlyCount "94"]
[EventDate "2020.10.26"]
[EventType "team-tourn"]
[SourceTitle "playchess.com"]
[Source "ChessBase"]
[SourceQuality "1"]

{[%evp 12,94,39,0,12,19,55,33,24,22,25,24,43,0,0,0,0,0,-7,0,-9,-11,-18,0,8,-49,-52,-120,-115,-153,-156,-143,-123,-116,-120,-147,-115,-153,-146,-147,-144,-137,-143,-148,-149,-158,-120,-233,-119,-112,-120,-125,-141,-129,-62,-77,-45,-74,-40,-34,-28,-53,0,0,0,0,0,0,0,0,0,0,0,0,0,0,0,0,0,0,0,0,11,0,0]} 1. e4 c5 2. Nf3 d6 3. d4 cxd4 4. Nxd4 Nf6 5. Nc3 a6 6. h3 e5 7. Nb3 Be6 {B90: Sicilian Najdorf: Unusual White 6th moves, 6 Be3 Ng4 and 6 Be3 e5.} 8. f4 Qc7 9. f5 Bc4 {White is slightly better.} 10. Qf3 b5 11. Bg5 Nbd7 12. O-O-O Rc8 {[#] Threatens to win with ...Bxf1.} 13. Bxf6 $146 {Black must now prevent Bh4.} ({Predecessor:} 13. Rd2 Be7 14. Be3 b4 15. Nd5 Nxd5 16. exd5 a5 17. Bxc4 Qxc4 18. Kb1 Bd8 19. Qe2 {0-1 (40) Moehn,H (2215)-Zakhartsov,V (2368) Guben 2014}) 13... Bxf1 14. Rhxf1 b4 15. Bg5 {And now Rd3 would win.} bxc3 16. Qxc3 Qxc3 17. bxc3 Be7 18. Bd2 (18. Bxe7 $11 Kxe7 19. Rd3) 18... Nf6 19. Be1 (19. Rfe1 $15) 19... Nxe4 $17 20. Kb2 Kd7 21. Rd5 Rc6 22. Rf3 Rb8 23. Re3 Nf6 24. Ra5 Bd8 25. Ra4 Nd5 26. Rd3 Nb6 27. Rb4 Nc4+ 28. Kb1 Bc7 29. Bf2 (29. Kc1 $17) 29... a5 (29... Rxb4 $19 30. cxb4 Na3+ {[%mdl 64] Discovered Attack} 31. Kb2 Rxc2+ 32. Kxa3 Rxf2 {[%mdl 64] Double Attack} 33. Nc5+ Kc6 34. Nxa6 Bb6 35. Nb8+ Kc7 36. Na6+ Kb7) 30. Rxb8 Bxb8 31. Nc5+ Ke7 32. Ne4 f6 (32... Bc7 $17 33. g4 a4 34. Bh4+ f6) 33. Rd5 Bc7 34. Kc1 Bb6 35. Bxb6 Rxb6 36. Nd2 Nxd2 (36... Ne3 $1 $15 37. Rxa5 Rb7) 37. Kxd2 $15 {[%mdl 4096] Endgame KR-KR. The position is equal.} Ra6 38. a4 Kd7 39. Rb5 {With the idea Rb7+.} Kc6 40. c4 Ra8 41. Kd3 g6 42. Ke4 g5 43. g3 h5 44. Kd3 Kc7 45. Ke4 Kc6 46. Kd3 Kc7 47. Ke4 Kc6 {Black had all chances to win. Av CentiPawn Loss W=-11/B=-10. Weighted=-14/-13} 1/2-1/2